[Event "ITA-chT 50th"]
[Site "Gallipoli"]
[Date "2018.04.28"]
[Round "3.5"]
[White "Malloni, Marcello"]
[Black "Sgnaolin, Davide"]
[Result "1/2-1/2"]
[WhiteElo "2302"]
[BlackElo "2275"]
[PlyCount "27"]
[EventDate "2018.04.27"]
[EventType "team-swiss"]
[EventRounds "7"]
[EventCountry "ITA"]
[SourceTitle "CBM 184 Extra"]
[Source "ChessBase"]
[SourceDate "2018.06.28"]
[SourceVersion "1"]
[SourceVersionDate "2018.06.28"]
[SourceQuality "1"]
[WhiteTeam "Milan Accademia"]
[BlackTeam "Famiglia Legnanese"]
[WhiteTeamCountry "ITA"]
[BlackTeamCountry "ITA"]

1. e4 c5 2. Nf3 Nc6 3. Bb5 g6 4. Bxc6 dxc6 5. d3 Bg7 6. h3 Nf6 7. Nc3 Nd7 8. Be3 e5 9. Qd2 h6 10. 0-0-0 b5 11. Kb1 Qe7 12. Nh2 Nb6 13. f3 b4 14. Ne2 1/2-1/2

[Event "ITA-chT 49th"]
[Site "Gallipoli"]
[Date "2017.04.30"]
[Round "6.4"]
[White "Bove, Alessandro"]
[Black "Sgnaolin, Davide"]
[Result "1-0"]
[WhiteElo "2315"]
[BlackElo "2244"]
[PlyCount "103"]
[EventDate "2017.04.27"]
[EventType "team-swiss"]
[EventRounds "7"]
[EventCountry "ITA"]
[SourceTitle "CBM 178 Extra"]
[Source "ChessBase"]
[SourceDate "2017.06.22"]
[SourceVersion "1"]
[SourceVersionDate "2017.06.22"]
[SourceQuality "1"]
[WhiteTeam "WorldtradingLab"]
[BlackTeam "Famiglia Legnanese"]
[WhiteTeamCountry "ITA"]
[BlackTeamCountry "ITA"]

1. e4 c5 2. Nc3 Nc6 3. Bb5 g6 4. Bxc6 dxc6 5. d3 Bg7 6. Be3 b6 7. Qd2 e5 8. h3 h6 9. Nge2 Nf6 10. 0-0 Nh5 11. a3 a5 12. Na4 g5 13. b4 Be6 14. bxc5 b5 15. Nb6 Ra7 16. d4 exd4 17. Nxd4 Bxd4 18. Qxd4 Qxd4 19. Bxd4 0-0 20. Be5 Re8 21. g4 Bc4 22. Nxc4 bxc4 23. Bd6 Ng7 24. f3 Ne6 25. Kf2 Rb7 26. Rab1 Rxb1 27. Rxb1 Nd4 28. a4 Nxc2 29. Rc1 Nb4 30. Rxc4 Kg7 31. Ke2 Kf6 32. Bc7 Ra8 33. Rd4 Ke7 34. Bd6+ Ke6 35. Bg3 Ke7 36. h4 Ra7 37. Bd6+ Ke6 38. Bf8 Rd7 39. Rxd7 Kxd7 40. h5 f6 41. Bxh6 Ke7 42. f4 Na6 43. fxg5 Nxc5 44. Kf3 Nxa4 45. gxf6+ Kxf6 46. Bd2 c5 47. g5+ Kf7 48. Kf4 c4 49. Kf5 c3 50. g6+ Kg8 51. Be3 c2 52. h6 1-0

[Event "Seville op 42nd"]
[Site "Seville"]
[Date "2017.01.20"]
[Round "8"]
[White "Gleizerov, Evgeny"]
[Black "Sgnaolin, Davide"]
[Result "1-0"]
[WhiteElo "2518"]
[BlackElo "2241"]
[PlyCount "69"]
[EventDate "2017.01.13"]
[EventType "swiss"]
[EventRounds "9"]
[EventCountry "ESP"]
[SourceTitle "EXT 2019"]
[Source "ChessBase"]
[SourceDate "2018.10.10"]
[SourceVersion "1"]
[SourceVersionDate "2018.10.10"]
[SourceQuality "1"]

1. d4 Nf6 2. c4 c5 3. d5 e5 4. Nc3 d6 5. e4 Be7 6. g3 0-0 7. Bg2 Nbd7 8. Nge2 a6 9. a4 Ne8 10. 0-0 g6 11. f4 exf4 12. gxf4 Bf6 13. Qd3 Bg7 14. Bd2 Nef6 15. Rae1 Nh5 16. Ng3 Qh4 17. Nxh5 Qxh5 18. Qg3 Bf6 19. Bf3 Qh4 20. b3 Re8 21. Kg2 Qh6 22. Bg4 Qg7 23. Kh1 h5 24. Bh3 Nf8 25. Bxc8 Raxc8 26. e5 dxe5 27. f5 gxf5 28. Rxf5 Qxg3 29. hxg3 Bg7 30. Ne4 Red8 31. Bg5 Rd7 32. Bh6 Ng6 33. Rxh5 Ne7 34. a5 f5 35. Nxc5 1-0

[Event "Seville op 42nd"]
[Site "Seville"]
[Date "2017.01.19"]
[Round "7"]
[White "Perez Mitjans, Orelvis"]
[Black "Sgnaolin, Davide"]
[Result "1/2-1/2"]
[WhiteElo "2427"]
[BlackElo "2241"]
[PlyCount "87"]
[EventDate "2017.01.13"]
[EventType "swiss"]
[EventRounds "9"]
[EventCountry "ESP"]
[SourceTitle "EXT 2019"]
[Source "ChessBase"]
[SourceDate "2018.10.10"]
[SourceVersion "1"]
[SourceVersionDate "2018.10.10"]
[SourceQuality "1"]

1. e4 c5 2. Nf3 Nc6 3. Bb5 g6 4. 0-0 Bg7 5. c3 Nf6 6. Qa4 0-0 7. d4 cxd4 8. cxd4 d5 9. e5 Nd7 10. Bxc6 Nb6 11. Qa5 bxc6 12. Nbd2 Nd7 13. Qa3 a5 14. Re1 Re8 15. Nb3 a4 16. Bd2 Nb6 17. Na5 Nc4 18. Nxc4 dxc4 19. Bb4 Be6 20. Qe3 Qd7 21. a3 Bd5 22. Nd2 Qg4 23. f3 Qh5 24. Ne4 f5 25. Ng3 Qh4 26. Qf2 e6 27. Rac1 Bh6 28. Rc2 Reb8 29. Ne4 Qxf2+ 30. Nxf2 Kf7 31. Nd1 Rg8 32. Bd2 Bf8 33. Ne3 g5 34. Nxc4 g4 35. f4 Bxc4 36. Rxc4 Rb8 37. Bc1 Rb3 38. Rxa4 Be7 39. Re3 Rgb8 40. Kf2 c5 41. Rxb3 Rxb3 42. dxc5 Bxc5+ 43. Ke2 Bg1 44. Ra8 1/2-1/2

[Event "Biella op 6th"]
[Site "Biella"]
[Date "2015.09.27"]
[Round "4"]
[White "Sgnaolin, Davide"]
[Black "Podetti, Davide"]
[Result "1-0"]
[WhiteElo "2241"]
[BlackElo "2142"]
[PlyCount "101"]
[EventDate "2015.09.25"]
[EventType "swiss"]
[EventRounds "5"]
[EventCountry "ITA"]
[SourceTitle "EXT 2016"]
[Source "ChessBase"]
[SourceDate "2015.10.08"]
[SourceVersion "1"]
[SourceVersionDate "2015.10.08"]
[SourceQuality "1"]

1. g3 d5 2. Bg2 Nf6 3. Nf3 Bg4 4. c4 c6 5. 0-0 e6 6. d3 Be7 7. Nbd2 0-0 8. cxd5 exd5 9. b3 Nbd7 10. Bb2 Re8 11. Re1 Bd6 12. Qc2 Qc7 13. Rac1 Re7 14. e3 Rae8 15. Nd4 h5 16. h3 Be6 17. Nb5 cxb5 18. Qxc7 Bxc7 19. Rxc7 Nb8 20. Rxe7 Rxe7 21. Bxf6 gxf6 22. Rc1 Na6 23. a3 Rc7 24. Rxc7 Nxc7 25. Kf1 a5 26. Ke2 Na6 27. Nf3 b4 28. a4 Kf8 29. Nd4 Ke7 30. h4 Bg4+ 31. Kd2 Kd6 32. Bf3 Bxf3 33. Nxf3 Nc7 34. Nd4 Ne6 35. Nf5+ Ke5 36. Nh6 Nd8 37. f4+ Ke6 38. g4 hxg4 39. Nxg4 Kf5 40. Nf2 Kg6 41. Ng4 Kf5 42. h5 Nc6 43. Nh6+ Ke6 44. Ng8 Ne7 45. h6 Ng6 46. h7 Nh8 47. e4 f5 48. e5 d4 49. Nf6 Ng6 50. Ne8 Ke7 51. Ng7 1-0

[Event "Seville op 40th"]
[Site "Seville"]
[Date "2015.01.26"]
[Round "3"]
[White "Alba Huescar, Pedro"]
[Black "Sgnaolin, Davide"]
[Result "0-1"]
[WhiteElo "1939"]
[BlackElo "2219"]
[PlyCount "50"]
[EventDate "2015.01.25"]
[EventType "swiss"]
[EventRounds "9"]
[EventCountry "ESP"]
[SourceTitle "CBM 164 Extra"]
[Source "ChessBase"]
[SourceDate "2015.03.02"]
[SourceVersion "1"]
[SourceVersionDate "2015.03.02"]
[SourceQuality "1"]

1. d4 Nf6 2. Nf3 c5 3. d5 e6 4. c4 b5 5. dxe6 fxe6 6. Nc3 b4 7. Nb5 d6 8. a3 a6 9. axb4 Bb7 10. Nc3 cxb4 11. Qa4+ Nc6 12. Na2 a5 13. g3 Nd7 14. Bg2 Nc5 15. Qd1 Be7 16. Be3 Bf6 17. Rb1 Qe7 18. 0-0 0-0 19. b3 Ne4 20. Qd3 Nc5 21. Bxc5 dxc5 22. Qe3 e5 23. Nc1 e4 24. Nd2 Nd4 25. f3 Nc2 0-1

[Event "Split op 4th"]
[Site "Split"]
[Date "2014.08.23"]
[Round "9"]
[White "Mencinger, Vojko"]
[Black "Sgnaolin, Davide"]
[Result "1/2-1/2"]
[WhiteElo "2409"]
[BlackElo "2203"]
[PlyCount "54"]
[EventDate "2014.08.16"]
[EventType "swiss"]
[EventRounds "9"]
[EventCountry "CRO"]
[SourceTitle "CBM 161 Extra"]
[Source "ChessBase"]
[SourceDate "2014.08.29"]
[SourceVersion "1"]
[SourceVersionDate "2014.08.29"]
[SourceQuality "1"]

1. Nf3 c5 2. c4 Nc6 3. d4 cxd4 4. Nxd4 g6 5. e4 Bg7 6. Be3 Nf6 7. Nc3 Ng4 8. Qxg4 Nxd4 9. Qd1 Ne6 10. Qd2 Qa5 11. Rc1 b6 12. Bd3 Bb7 13. 0-0 g5 14. f3 h5 15. Rf2 h4 16. Bf1 Be5 17. Nd5 Qxd2 18. Rxd2 Rc8 19. Rcc2 f6 20. b4 Kf7 21. a4 d6 22. Ra2 Nf4 23. Rdc2 e6 24. Nxf4 Bxf4 25. Bf2 g4 26. fxg4 Bxe4 27. Rc3 d5 1/2-1/2

[Event "Split op 4th"]
[Site "Split"]
[Date "2014.08.17"]
[Round "3"]
[White "Srbis, Jurica"]
[Black "Sgnaolin, Davide"]
[Result "1-0"]
[WhiteElo "2402"]
[BlackElo "2203"]
[PlyCount "107"]
[EventDate "2014.08.16"]
[EventType "swiss"]
[EventRounds "9"]
[EventCountry "CRO"]
[SourceTitle "CBM 161 Extra"]
[Source "ChessBase"]
[SourceDate "2014.08.29"]
[SourceVersion "1"]
[SourceVersionDate "2014.08.29"]
[SourceQuality "1"]

1. e4 c5 2. Nf3 Nc6 3. d4 cxd4 4. Nxd4 Nf6 5. Nc3 e5 6. Ndb5 d6 7. Bg5 a6 8. Na3 b5 9. Nd5 Be7 10. Bxf6 Bxf6 11. c4 b4 12. Nc2 0-0 13. g3 Bg5 14. Bg2 Be6 15. 0-0 Qb8 16. b3 Bd8 17. f4 f6 18. Kh1 a5 19. a3 bxa3 20. Rxa3 Ra7 21. Nc3 Bb6 22. Nb5 Rd7 23. Bf3 Rdd8 24. Ra2 Bc5 25. Bg4 Bf7 26. Bh5 g6 27. Bf3 Kg7 28. Kg2 Qb6 29. Qd3 Be6 30. f5 Bf7 31. fxg6 hxg6 32. h4 Be6 33. h5 Rh8 34. Rh1 Rh6 35. Raa1 Rdh8 36. Qe2 f5 37. hxg6 fxe4 38. Bg4 Nd8 39. Bxe6 Nxe6 40. Qxe4 Rxh1 41. Rxh1 Rxh1 42. Kxh1 Ng5 43. Qf5 Qd8 44. Kg2 Qf6 45. Qxf6+ Kxf6 46. Nc3 Kxg6 47. g4 Kf6 48. Kg3 Ke6 49. Kh4 Nf3+ 50. Kh5 Nd2 51. g5 e4 52. g6 e3 53. Kh6 d5 54. g7 1-0

[Event "Seville op 39th"]
[Site "Seville"]
[Date "2014.01.14"]
[Round "5"]
[White "Teran Alvarez, Ismael"]
[Black "Sgnaolin, Davide"]
[Result "1-0"]
[WhiteElo "2412"]
[BlackElo "2221"]
[PlyCount "125"]
[EventDate "2014.01.10"]
[EventType "swiss"]
[EventRounds "9"]
[EventCountry "ESP"]
[SourceTitle "CBM 158 Extra"]
[Source "ChessBase"]
[SourceDate "2014.02.28"]
[SourceVersion "1"]
[SourceVersionDate "2014.02.28"]
[SourceQuality "1"]

1. e4 c5 2. Nf3 Nc6 3. Bb5 g6 4. Bxc6 bxc6 5. 0-0 Bg7 6. Re1 Nf6 7. e5 Nd5 8. c4 Nc7 9. d4 cxd4 10. Qxd4 d5 11. Nc3 Be6 12. Qh4 h6 13. Nd4 Qd7 14. cxd5 Bxd5 15. Nxd5 Qxd5 16. Be3 c5 17. Nb3 Ne6 18. Rad1 Qc6 19. Na5 Qb5 20. Nc4 Nd4 21. b3 Nf5 22. Qe4 0-0 23. e6 fxe6 24. Qxe6+ Kh7 25. Qe4 Rae8 26. Ne5 Bxe5 27. Qxe5 Nxe3 28. Rxe3 Rf5 29. Qc7 Rf7 30. Rde1 Qb6 31. Qd7 Rd8 32. Qg4 Qf6 33. Qe2 e5 34. Rxe5 Rdd7 35. h3 Rc7 36. Re6 Qf5 37. Re8 Qf6 38. Re6 Qf5 39. Re3 Qd5 40. Rd3 Qg5 41. Rg3 Qf5 42. Rf3 Qd5 43. Rd1 Qg5 44. Rxf7+ Rxf7 45. Qd2 Qf5 46. Qe3 Qc2 47. Qd2 Qf5 48. Rc1 Rd7 49. Qe3 Rc7 50. h4 Qd5 51. Qf4 Rf7 52. Qc4 Rd7 53. Qxc5 Qd2 54. Qc2 Qf4 55. h5 Qf5 56. hxg6+ Qxg6 57. Qxg6+ Kxg6 58. Rc6+ Kg5 59. Ra6 Rf7 60. f3 Rc7 61. Kf2 Re7 62. Ra5+ Kg6 63. g4 1-0

[Event "Seville op 39th"]
[Site "Seville"]
[Date "2014.01.11"]
[Round "2"]
[White "Sgnaolin, Davide"]
[Black "Jimenez Romero, Jose Antonio"]
[Result "1-0"]
[WhiteElo "2221"]
[BlackElo "1939"]
[PlyCount "55"]
[EventDate "2014.01.10"]
[EventType "swiss"]
[EventRounds "9"]
[EventCountry "ESP"]
[SourceTitle "CBM 158 Extra"]
[Source "ChessBase"]
[SourceDate "2014.02.28"]
[SourceVersion "1"]
[SourceVersionDate "2014.02.28"]
[SourceQuality "1"]

1. c4 Nf6 2. Nf3 d6 3. g3 g6 4. Bg2 Bg7 5. Nc3 c6 6. d4 Qc7 7. 0-0 0-0 8. e4 Bg4 9. h3 Bxf3 10. Qxf3 Nbd7 11. Be3 e5 12. d5 c5 13. Qe2 Nh5 14. Rab1 a6 15. a3 Rab8 16. Rfc1 b6 17. Bf3 Nhf6 18. h4 Kh8 19. h5 gxh5 20. Bxh5 Nxh5 21. Qxh5 Nf6 22. Qh4 Rg8 23. Kg2 Nd7 24. Rh1 Nf8 25. Rh2 f6 26. Rbh1 h6 27. Bxh6 Nh7 28. Be3 1-0

[Event "Porto San Giorgio op 24th"]
[Site "Porto San Giorgio"]
[Date "2013.08.29"]
[Round "9"]
[White "Bentivegna, Francesco"]
[Black "Sgnaolin, Davide"]
[Result "1/2-1/2"]
[WhiteElo "2293"]
[BlackElo "2238"]
[PlyCount "175"]
[EventDate "2013.08.21"]
[EventType "swiss"]
[EventRounds "9"]
[EventCountry "ITA"]
[SourceTitle "CBM 156 Extra"]
[Source "ChessBase"]
[SourceDate "2013.10.22"]
[SourceVersion "1"]
[SourceVersionDate "2013.10.22"]
[SourceQuality "1"]

1. d4 Nf6 2. Bg5 Ne4 3. Bh4 c5 4. f3 g5 5. fxe4 gxh4 6. e3 d5 7. exd5 Qxd5 8. Nc3 Qg5 9. Bb5+ Bd7 10. Qf3 Nc6 11. Ne4 Qg6 12. Nxc5 Bg4 13. Qf2 e5 14. Nf3 Bxf3 15. Qxf3 Bxc5 16. dxc5 0-0-0 17. Bd3 Qg5 18. 0-0-0 Qe7 19. Be4 Qxc5 20. Kb1 Rxd1+ 21. Rxd1 Rd8 22. Qf5+ Kb8 23. Rxd8+ Nxd8 24. Qd7 Qc7 25. Qxc7+ Kxc7 26. Bxh7 Ne6 27. Kc1 Ng5 28. Bf5 e4 29. c4 Kd6 30. Kc2 Ke5 31. Bc8 b6 32. b4 f5 33. c5 Kd5 34. Bxf5 bxc5 35. bxc5 Kxc5 36. Bc8 Kd5 37. Kc3 Nf7 38. Ba6 Nd6 39. Be2 Nf5 40. Kd2 Ke5 41. Bg4 Nd6 42. Kc3 Nb5+ 43. Kd2 Nd6 44. g3 Nc4+ 45. Ke2 hxg3 46. hxg3 Nb6 47. Bh5 Nd5 48. Kd2 Kf5 49. Bd1 Nf6 50. Kc3 Ke5 51. g4 Nd5+ 52. Kd2 Nf6 53. g5 Nd5 54. g6 Ne7 55. g7 Kf6 56. Bc2 Kxg7 57. Bxe4 Kf6 58. Kc3 Ke5 59. Bg2 Nf5 60. Kd3 Nd6 61. Bc6 Nf5 62. Bd7 Nd6 63. Bc6 Nf5 64. a3 Nd6 65. a4 Nf5 66. a5 Kd6 67. Bb7 Nxe3 68. Kxe3 Kc5 69. a6 Kb6 70. Kd4 Kc7 71. Kc5 Kb8 72. Be4 Kc7 73. Bd3 Kb8 74. Kd6 Kc8 75. Bf5+ Kb8 76. Kd7 Ka8 77. Be6 Kb8 78. Bg4 Ka8 79. Bh3 Kb8 80. Kc6 Ka8 81. Bf5 Kb8 82. Be4 Kc8 83. Bg6 Kb8 84. Kd7 Ka8 85. Kc6 Kb8 86. Bf5 Ka8 87. Bc8 Kb8 88. Bb7 1/2-1/2

[Event "Porto San Giorgio op 24th"]
[Site "Porto San Giorgio"]
[Date "2013.08.27"]
[Round "7"]
[White "Bonafede, Alessandro"]
[Black "Sgnaolin, Davide"]
[Result "1-0"]
[WhiteElo "2380"]
[BlackElo "2238"]
[PlyCount "73"]
[EventDate "2013.08.21"]
[EventType "swiss"]
[EventRounds "9"]
[EventCountry "ITA"]
[SourceTitle "CBM 156 Extra"]
[Source "ChessBase"]
[SourceDate "2013.10.22"]
[SourceVersion "1"]
[SourceVersionDate "2013.10.22"]
[SourceQuality "1"]

1. e4 c5 2. b3 Nc6 3. Bb2 e5 4. Bc4 Nf6 5. Nc3 d6 6. h3 g6 7. d3 Bg7 8. Nge2 a6 9. a4 Rb8 10. 0-0 0-0 11. Qd2 Nd4 12. Kh1 Nh5 13. Nxd4 cxd4 14. Ne2 Qh4 15. Kg1 Nf4 16. Nxf4 exf4 17. f3 Be5 18. a5 h5 19. Rfc1 Be6 20. Bxe6 fxe6 21. Ra4 Qf6 22. Qf2 b5 23. axb6 Rxb6 24. Bxd4 Bxd4 25. Qxd4 Qxd4+ 26. Rxd4 Rc8 27. Rc4 Rxc4 28. dxc4 Kf7 29. Ra1 g5 30. Ra5 Kg6 31. Kf2 g4 32. hxg4 hxg4 33. fxg4 e5 34. Kf3 Kf6 35. g3 fxg3 36. Kxg3 Rc6 37. Kh4 1-0

[Event "Porto San Giorgio op 24th"]
[Site "Porto San Giorgio"]
[Date "2013.08.22"]
[Round "2"]
[White "Sgnaolin, Davide"]
[Black "Drasko, Milan"]
[Result "1/2-1/2"]
[WhiteElo "2238"]
[BlackElo "2462"]
[PlyCount "91"]
[EventDate "2013.08.21"]
[EventType "swiss"]
[EventRounds "9"]
[EventCountry "ITA"]
[SourceTitle "CBM 156 Extra"]
[Source "ChessBase"]
[SourceDate "2013.10.22"]
[SourceVersion "1"]
[SourceVersionDate "2013.10.22"]
[SourceQuality "1"]

1. c4 e6 2. Nf3 Nf6 3. g3 a6 4. Bg2 b5 5. b3 c5 6. 0-0 Bb7 7. Bb2 Be7 8. d3 0-0 9. Nbd2 d6 10. e3 Nbd7 11. Qe2 Rc8 12. Rfd1 Qb6 13. e4 Ba8 14. h3 Rfd8 15. Kh2 Qb8 16. Ne1 Ne5 17. f4 Nc6 18. Nef3 e5 19. f5 h6 20. Nf1 Nd4 21. Nxd4 cxd4 22. Rdb1 bxc4 23. bxc4 Qc7 24. Bc1 Rb8 25. Nd2 Rxb1 26. Rxb1 Rb8 27. Rxb8+ Qxb8 28. Nb3 Bc6 29. Ba3 Ba4 30. Qb2 Nd7 31. Bf1 Bg5 32. Be2 Be3 33. Bd1 Qb6 34. Kg2 a5 35. Qe2 Nb8 36. Bc2 Bxb3 37. Bxb3 Na6 38. Qc2 Nc5 39. Bxc5 dxc5 40. Qe2 Qb4 41. Qd1 g6 42. fxg6 fxg6 43. Bc2 h5 44. h4 Kg7 45. a4 Kh6 46. Qe2 1/2-1/2

[Event "Pula op 27th"]
[Site "Pula"]
[Date "2013.06.11"]
[Round "4"]
[White "Sgnaolin, Davide"]
[Black "Zelcic, Robert"]
[Result "0-1"]
[WhiteElo "2274"]
[BlackElo "2537"]
[PlyCount "138"]
[EventDate "2013.06.08"]
[EventType "swiss"]
[EventRounds "9"]
[EventCountry "CRO"]
[SourceTitle "CBM 154 Extra"]
[Source "ChessBase"]
[SourceDate "2013.06.25"]
[SourceVersion "2"]
[SourceVersionDate "2013.06.25"]
[SourceQuality "1"]

1. c4 Nf6 2. Nc3 e6 3. e4 d5 4. e5 d4 5. exf6 dxc3 6. bxc3 Qxf6 7. Nf3 c5 8. Bd3 Bd6 9. Be4 Qe7 10. d4 Nd7 11. 0-0 Nf6 12. Bc2 Qc7 13. Re1 cxd4 14. cxd4 Qxc4 15. Bb3 Qc7 16. d5 0-0 17. dxe6 Bxe6 18. Bxe6 fxe6 19. Rxe6 Rad8 20. Qb3 Kh8 21. Rxd6 Rxd6 22. Bf4 b6 23. Ng5 Nd5 24. Bxd6 Qxd6 25. Rd1 Rf5 26. Qh3 Qg6 27. Rxd5 Qxg5 28. Qe3 h6 29. Qe8+ Kh7 30. Rd1 Re5 31. Qa4 Ra5 32. Qe4+ Qf5 33. Qxf5+ Rxf5 34. f3 Ra5 35. Rd2 Kg6 36. Kf2 Ra3 37. Ke2 Kf5 38. Rb2 Ke5 39. Kd2 Kd4 40. Rb4+ Kc5 41. Rb2 b5 42. Rc2+ Kd4 43. Rb2 a6 44. Rb4+ Kc5 45. Rb2 b4 46. Kc1 a5 47. Rc2+ Kd4 48. Kb2 Re3 49. Rd2+ Kc4 50. Rc2+ Kb5 51. f4 a4 52. g3 a3+ 53. Kc1 Re1+ 54. Kd2 Ra1 55. Kd3 b3 56. axb3 Kb4 57. Rc7 a2 58. Rb7+ Kc5 59. b4+ Kc6 60. Ra7 Rd1+ 61. Ke4 a1Q 62. Rxa1 Rxa1 63. Kf5 Rh1 64. h4 Kd6 65. Kg6 Rg1 66. Kxg7 Rxg3+ 67. Kxh6 Ke6 68. h5 Kf7 69. Kh7 Rg4 0-1

[Event "ITA-chT A1.1"]
[Site "Arvier"]
[Date "2013.03.17"]
[Round "4"]
[White "Van Hoolandt, Patrick"]
[Black "Sgnaolin, Davide"]
[Result "1/2-1/2"]
[WhiteElo "2191"]
[BlackElo "2286"]
[PlyCount "144"]
[EventDate "2013.03.15"]
[EventType "team"]
[EventRounds "5"]
[EventCountry "ITA"]
[SourceTitle "EXT 2014"]
[Source "ChessBase"]
[SourceDate "2013.11.20"]
[SourceVersion "1"]
[SourceVersionDate "2013.11.20"]
[SourceQuality "1"]

1. e4 c5 2. Nf3 Nc6 3. Bb5 g6 4. Bxc6 dxc6 5. d3 Bg7 6. h3 Nf6 7. Nc3 Nd7 8. Be3 e5 9. Qd2 h6 10. 0-0 Qe7 11. Rfe1 b6 12. Ne2 Nf8 13. c3 Ba6 14. d4 Rd8 15. Qc2 Bxe2 16. Rxe2 exd4 17. cxd4 cxd4 18. Qxc6+ Qd7 19. Qxd7+ Rxd7 20. Bf4 Ne6 21. Bg3 Ke7 22. Rd1 d3 23. Red2 Nc5 24. Be5 f6 25. Bc3 Rhd8 26. b4 Ne6 27. g3 f5 28. Bxg7 Nxg7 29. exf5 Nxf5 30. Ne5 Rd6 31. Rxd3 Rxd3 32. Rxd3 Rxd3 33. Nxd3 Kd6 34. g4 Ne7 35. Kf1 Kd5 36. Ke2 Kc4 37. f4 Nc6 38. Ke3 Kd5 39. f5 gxf5 40. gxf5 Nd4 41. f6 Nf5+ 42. Kf4 Nd6 43. Ne5 Ke6 44. f7 Ke7 45. Kg4 a5 46. bxa5 bxa5 47. Kh5 Nxf7 48. Nxf7 Kxf7 49. Kxh6 Kf6 50. a4 Kf5 51. Kh5 Kf4 52. Kh4 Kf5 53. Kg3 Kg5 54. Kf3 Kh4 55. Kg2 Kh5 56. Kg3 Kg5 57. h4+ Kh5 58. Kh3 Kh6 59. Kg4 Kg6 60. h5+ Kh6 61. Kh4 Kh7 62. Kg5 Kg7 63. h6+ Kh7 64. Kh5 Kh8 65. Kg6 Kg8 66. Kf6 Kh7 67. Ke6 Kxh6 68. Kd6 Kg6 69. Kc6 Kf6 70. Kb6 Ke6 71. Kxa5 Kd7 72. Kb6 Kc8 1/2-1/2

[Event "Seville op 38th"]
[Site "Seville"]
[Date "2013.01.16"]
[Round "6"]
[White "Sgnaolin, Davide"]
[Black "Roy Chowdhury, Saptarshi"]
[Result "0-1"]
[WhiteElo "2269"]
[BlackElo "2451"]
[PlyCount "72"]
[EventDate "2013.01.11"]
[EventType "swiss"]
[EventRounds "9"]
[EventCountry "ESP"]
[SourceTitle "CBM 152 Extra"]
[Source "ChessBase"]
[SourceDate "2013.02.25"]
[SourceVersion "1"]
[SourceVersionDate "2013.02.25"]
[SourceQuality "1"]

1. c4 e5 2. Nc3 Nc6 3. g3 Bb4 4. Nd5 Bc5 5. Bg2 Nge7 6. Nf3 d6 7. d3 0-0 8. 0-0 Nxd5 9. cxd5 Ne7 10. d4 exd4 11. Nxd4 Nf5 12. Nb3 Bb6 13. Bd2 Bd7 14. Bc3 Re8 15. a4 a6 16. a5 Ba7 17. e4 Nh6 18. Nd4 c5 19. dxc6 bxc6 20. Qd2 f6 21. Nc2 Nf7 22. Rfe1 Rb8 23. Qd3 Qc8 24. Ne3 Bh3 25. Bh1 Rb5 26. Nc4 Rd8 27. Bd4 Ne5 28. Bxe5 fxe5 29. Nb6 Bxb6 30. axb6 Rxb6 31. Rec1 Be6 32. Ra5 c5 33. Rca1 c4 34. Qc3 Qb7 35. R1a2 Rb3 36. Qc2 c3 0-1

[Event "Seville op 38th"]
[Site "Seville"]
[Date "2013.01.14"]
[Round "4"]
[White "Sgnaolin, Davide"]
[Black "Piscopo, Pierluigi"]
[Result "1/2-1/2"]
[WhiteElo "2269"]
[BlackElo "2407"]
[PlyCount "26"]
[EventDate "2013.01.11"]
[EventType "swiss"]
[EventRounds "9"]
[EventCountry "ESP"]
[SourceTitle "CBM 152 Extra"]
[Source "ChessBase"]
[SourceDate "2013.02.25"]
[SourceVersion "1"]
[SourceVersionDate "2013.02.25"]
[SourceQuality "1"]

1. c4 b6 2. Nc3 Bb7 3. Nf3 Nf6 4. d4 e6 5. a3 d5 6. e3 Bd6 7. b4 a5 8. b5 0-0 9. Bb2 Nbd7 10. Bd3 Qe7 11. cxd5 exd5 12. Qb3 Ne4 13. 0-0 Ndf6 1/2-1/2

[Event "Crema op 14th"]
[Site "Crema"]
[Date "2012.09.02"]
[Round "6"]
[White "Fongarolli, Diego"]
[Black "Sgnaolin, Davide"]
[Result "0-1"]
[WhiteElo "2068"]
[BlackElo "2234"]
[PlyCount "92"]
[EventDate "2012.08.31"]
[EventType "swiss"]
[EventRounds "6"]
[EventCountry "ITA"]
[SourceTitle "EXT 2014"]
[Source "ChessBase"]
[SourceDate "2013.11.20"]
[SourceVersion "1"]
[SourceVersionDate "2013.11.20"]
[SourceQuality "1"]

1. e4 c5 2. Nf3 Nc6 3. d4 cxd4 4. Nxd4 g6 5. Nc3 Bg7 6. Be3 Nf6 7. Nxc6 bxc6 8. e5 Nd5 9. Nxd5 cxd5 10. Qxd5 Rb8 11. Bc4 0-0 12. 0-0 Qc7 13. f4 Bb7 14. Qd3 Rbc8 15. Bb3 Qc6 16. Rf2 a5 17. a4 d6 18. exd6 Rfd8 19. Qb5 Rxd6 20. Qxc6 Rcxc6 21. Rb1 Bc8 22. Rd2 Bf5 23. Rxd6 exd6 24. Bd2 Rc5 25. Re1 Bxb2 26. Re8+ Kg7 27. Re7 Bd4+ 28. Kf1 d5 29. c3 Bd3+ 30. Ke1 Bf6 31. Ra7 Be4 32. g3 Bxc3 33. Ke2 Bb4 34. Be3 Rc8 35. Rd7 Kf6 36. Bxd5 Bxd5 37. Rxd5 Rc2+ 38. Kf3 Ke6 39. Rb5 Rc3 40. Ke2 Ra3 41. Rb6+ Kd5 42. Rb7 Ke4 43. Bc1 Rxa4 44. Rxf7 Ra2+ 45. Kd1 Rxh2 46. Ra7 Kf3 0-1

[Event "Crema op 14th"]
[Site "Crema"]
[Date "2012.09.01"]
[Round "4"]
[White "Sanchez, Joseph"]
[Black "Sgnaolin, Davide"]
[Result "1-0"]
[WhiteElo "2518"]
[BlackElo "2234"]
[PlyCount "67"]
[EventDate "2012.08.31"]
[EventType "swiss"]
[EventRounds "6"]
[EventCountry "ITA"]
[SourceTitle "EXT 2014"]
[Source "ChessBase"]
[SourceDate "2013.11.20"]
[SourceVersion "1"]
[SourceVersionDate "2013.11.20"]
[SourceQuality "1"]

1. e4 c5 2. Nf3 Nc6 3. d4 cxd4 4. Nxd4 g6 5. Nc3 Bg7 6. Be3 Nf6 7. Bc4 0-0 8. Bb3 a5 9. 0-0 Nxd4 10. Bxd4 d6 11. Qe2 Bd7 12. Rad1 a4 13. Bc4 Bc6 14. Nd5 Nd7 15. a3 Bxd4 16. Rxd4 Bxd5 17. exd5 f5 18. Re1 Rf7 19. c3 Nc5 20. Ba2 Qd7 21. h4 Ne4 22. g4 Nf6 23. g5 Nh5 24. Bb1 Ng7 25. f4 Ne8 26. h5 Nc7 27. Kg2 Ra5 28. Ba2 Na6 29. Rh1 Nc5 30. hxg6 hxg6 31. Rh6 Rg7 32. Bb1 Qb5 33. Bd3 Qb3 34. Kg3 1-0